01268cam a2200217 450000100060000000300080000600500170001400800410003102000150007203500190008704000270010604100080013308200230014124501230016426000530028730000370034050505280037765000460090565100610095170000380101220640BD-RjUL20211209000606.0140301s1970 nbuh b 000 1 eng  a0803207131 a(BD-RjUL)20702 aDLCcDLCdBD-RjULbeng aeng00a823.408bRES 197010aRestoration prose fiction, 1666-1700 :ban anthology of representative pieces /cchosen and edited by Charles C. Mish. aLincoln :bUniversity of Nebraska Press ,c1970. axv, 289 p. :bfacsims. ;c24 cm.0 aSelected bibliography (p. xv)--The Princess of Monpensier, by Mme de Lafayette.--Five love-letters from a nun to a cavalier.--Almanzor and Almanzaida, by Mlle de La Roche Guilhem.--The history of the nun; or, The fair vow-breaker, by A. Behn.--The Cimmerian matron, by W. Charleton.--The maiden-head lost by moon-light, by J. Kepple.--The art of cuckoldom.--The memoires of Monsieur Du Vall, by W. Pope.--The history of the golden-eagle.--London's glory, by J. Shirley.--The history of Johnny Armstrong.--Bateman's tragedy. 0aEnglish fictionyEarly modern, 1500-1700. 0aGreat BritainxHistoryyRestoration, 1660-1688xFiction. aMish, Charles C.qCharles C. Mish